Mi Suerte - Kadec Santa Anna - Estadísticas

Estadísticas generales
  • Esta prueba ha sido intentada 23 veces
  • La puntuación promedio es 122 de 437
Estadísticas de respuestas
Letra % Correcto
A
100%
a
100%
ahí
50%
aire
50%
al
50%
amor
50%
borrar
50%
claro
50%
clavo
50%
clavo,
50%
coma,
50%
coma
50%
con
50%
cuando
50%
da
50%
de
50%
del
50%
Dicen
50%
duele
50%
el
50%
en
50%
es
50%
está
50%
fotos
50%
ha
50%
haya
50%
hayas
50%
importa
50%
la
50%
La
50%
le
50%
lleva
50%
lo
50%
me
50%
Me
50%
media
50%
mejor
50%
Mi
50%
mi
50%
naranja
50%
ni
50%
No
50%
no
50%
no,
50%
nos
50%
nuevo
50%
nunca
50%
O
50%
o
50%
ocupabas
50%
otra
50%
otro
50%
Pa'
50%
pa'
50%
"pa'
50%
palabras
50%
para
50%
Para
50%
Pero
50%
pero
50%
por
50%
porque
50%
Porque
50%
punto
50%
que
50%
qué
50%
Que
50%
queda
50%
quiero
50%
recuerdos
50%
saca
50%
se
50%
50%
segundo
50%
Si
50%
si
50%
¿Si
50%
siempre
50%
siempre"
50%
50%
Un
50%
un
50%
vez
50%
vida
50%
viento
50%
Y
50%
y
50%
ya
50%
yo
50%
acostumbras
0%
acuerda
0%
ahora
0%
anillo
0%
atrás
0%
aún
0%
Aunque
0%
aunque
0%
Barça,
0%
bonita,
0%
borra'o
0%
cambiado
0%
cambiaría
0%
cambie
0%
castillo
0%
como
0%
Como
0%
confirmarme
0%
convierten
0%
corriese
0%
créeme
0%
cruzamos
0%
decidí
0%
decidiría
0%
decirte
0%
dedo
0%
Déjate
0%
destino
0%
día
0%
digo
0%
donde
0%
duerme
0%
enamorado
0%
encontra'o
0%
encontremos
0%
entender
0%
estar
0%
estemos
0%
esto
0%
estuve
0%
existe
0%
exprimiéndose
0%
fuimos
0%
fútbol
0%
futuro
0%
ganas
0%
habrá
0%
haces
0%
he
0%
hecho
0%
hiciste
0%
hija
0%
historia
0%
imposible
0%
inseparables
0%
intentarlo
0%
invisibles?
0%
juntos
0%
justo
0%
lado
0%
lágrimas
0%
las
0%
leer
0%
libros
0%
llevo
0%
logro
0%
los
0%
mano
0%
máquina
0%
más
0%
Messi
0%
mira
0%
momento
0%
muchas
0%
mundo
0%
muy
0%
nada
0%
nadie
0%
nuestra
0%
nuestras
0%
ocupar
0%
odiamos
0%
ojalá
0%
olvidado
0%
oportunidad
0%
otros
0%
página
0%
pañuelo,
0%
pasaría
0%
perderte
0%
perdida
0%
pidas
0%
pienso
0%
planes
0%
poder
0%
posible
0%
preferí
0%
pregunto
0%
primer
0%
príncipe
0%
puede
0%
pues
0%
puta
0%
putas
0%
quedado
0%
quedarme
0%
quedo
0%
querer
0%
quise,
0%
quita
0%
quitan
0%
reemplazo
0%
repasando
0%
resultó
0%
rompa
0%
secarte
0%
separados
0%
siguiente
0%
sitio
0%
somos
0%
su
0%
suerte
0%
también
0%
te
0%
Te
0%
tenías
0%
tiempo,
0%
tiempo
0%
tiene
0%
tira'o
0%
tirar
0%
todavía
0%
trescientos
0%
truncan
0%
Tuve
0%
una
0%
vamos
0%
veces
0%
ver
0%
verdad
0%
verdad,
0%
verte
0%
volver
0%
volvería
0%
No se encontraron pruebas coincidentes
Distribución de puntuación
Porcentaje de gente con cada puntuación
Porcentaje por número respondido
Historial de tus puntuaciones
No has intentado esta prueba.